Quick Pick: Famous Italians Quiz Stats

 Plays Quiz Updated Sep 23, 2017

Challenge
Share
Tweet
Embed
Score 0/10 Timer 01:00
2 Plays Today
% Correct
Leonardo da Vinci
94.1%
Enzo Ferrari
91.8%
Alessandro Volta
85%
Sophia Loren
81.6%
Amerigo Vespucci
80.3%
Galileo Galilei
79.8%
Dante Alighieri
79.1%
Gaius Caesar
70.5%
Giuseppe Garibaldi
65.9%
Francesca Caccini
53.9%

Today's Daily Dose

You're not logged in!

Compare scores with friends on all Sporcle quizzes.
OR
Log In

You Might Also Like...

Show Comments

Extras

Top Quizzes Today


Score Distribution

Your Account Isn't Verified!

In order to create a playlist on Sporcle, you need to verify the email address you used during registration. Go to your Sporcle Settings to finish the process.

Report this User

Report this user for behavior that violates our Community Guidelines.

Details: